LEADER 00804nam0 2200253 450 001 000008965 005 20080131100544.0 010 $a978-88-348-6545-3 100 $a20080131d2006----km-y0itay50------ba 101 0 $aita 102 $aIT 105 $aa-------001yy 200 1 $a<>integrazione economica eurpea in una prospettiva storica$fBernardino Farolfi 210 $aTorino$cGiappichelli$dc2006 215 $a103 p.$cill.$d23 cm 410 0$12001 610 1 $aEuropa$aIntegrazione economica$aStoria 676 $a332.494$v20 700 1$aFarolfi,$bBernardino$0140656 801 0$aIT$bUNIPARTHENOPE$c20080131$gRICA$2UNIMARC 912 $a000008965 951 $a332-I/13$b40190$cNAVA1$d2008 996 $aIntegrazione economica eurpea in una prospettiva storica$91204598 997 $aUNIPARTHENOPE LEADER 01068nam a22002651i 4500 001 991003856179707536 005 20040730174659.0 008 040802s1992 it |||||||||||||||||ita 035 $ab13138194-39ule_inst 035 $aARCHE-109080$9ExL 040 $aBiblioteca Interfacoltà$bita$cA.t.i. Arché s.c.r.l. Pandora Sicilia s.r.l. 082 04$a501 245 00$aAlle origini della nuova epistemologia :$bil Congres Descartes del 1937 /$ccon testi di F. Enriques ... [et al.] ; [a cura di] Mario Castellana 260 $aLecce :$bIl Protagora,$cstampa 1992 300 $a171 p. ;$c24 cm 650 4$aFilosofia della scienza 650 4$aEpistemologia 700 1 $aEnriques, Federigo 700 1 $aCastellana, Mario 907 $a.b13138194$b02-04-14$c05-08-04 912 $a991003856179707536 945 $aLE002 SP 100 S.IV/017-018$g1$i2002000357038$lle002$nC. 1$o-$pE0.00$q-$rl$so $t0$u0$v0$w0$x0$y.i13775091$z05-08-04 996 $aAlle origini della nuova epistemologia$9309706 997 $aUNISALENTO 998 $ale002$b05-08-04$cm$da $e-$fita$git $h0$i1